[Event "Staufer Seniors op 13th"]
[Site "Schwaebisch Gmuend"]
[Date "2008.01.05"]
[Round "8"]
[White "Villing, Dieter"]
[Black "Faust, Gottfried"]
[Result "1-0"]
[WhiteElo "2178"]
[BlackElo "1959"]
[PlyCount "41"]
[EventDate "2008.01.02"]
[EventType "swiss"]
[EventRounds "9"]
[EventCountry "GER"]
[SourceTitle "CBM 122 Extra"]
[Source "ChessBase"]
[SourceDate "2008.03.04"]
[SourceVersion "1"]
[SourceVersionDate "2008.03.04"]
[SourceQuality "1"]

1. e4 c6 2. d4 d5 3. e5 Bf5 4. Nc3 e6 5. g4 Bg6 6. Nge2 c5 7. Be3 Nd7 8. h4 h6 9. h5 Bh7 10. f4 Ne7 11. Qd2 Nc6 12. 0-0-0 cxd4 13. Nxd4 Nxd4 14. Bxd4 a6 15. Bh3 Bc5 16. g5 Qe7 17. Rhg1 0-0-0 18. gxh6 gxh6 19. f5 Rdg8 20. Bxc5 Nxc5 21. Nxd5 1-0

[Event "Staufer Seniors op 13th"]
[Site "Schwaebisch Gmuend"]
[Date "2008.01.04"]
[Round "5"]
[White "Faust, Gottfried"]
[Black "Neumann, Horst"]
[Result "1/2-1/2"]
[WhiteElo "1959"]
[BlackElo "2022"]
[PlyCount "22"]
[EventDate "2008.01.02"]
[EventType "swiss"]
[EventRounds "9"]
[EventCountry "GER"]
[SourceTitle "CBM 122 Extra"]
[Source "ChessBase"]
[SourceDate "2008.03.04"]
[SourceVersion "1"]
[SourceVersionDate "2008.03.04"]
[SourceQuality "1"]

1. f4 Nf6 2. Nf3 d5 3. e3 Bg4 4. b3 Nbd7 5. Bb2 e6 6. Be2 c5 7. 0-0 Qb6 8. Ne5 Bxe2 9. Qxe2 Rd8 10. d3 Be7 11. Nd2 0-0 1/2-1/2

[Event "Sachsen-ch Seniors"]
[Site "Dresden"]
[Date "2007.08.??"]
[Round "2"]
[White "Siegmund, Rainer"]
[Black "Faust, Gottfried"]
[Result "1-0"]
[WhiteElo "2187"]
[BlackElo "1959"]
[PlyCount "95"]
[EventDate "2007.07.28"]
[EventType "swiss"]
[EventRounds "9"]
[EventCountry "GER"]
[SourceTitle "EXT 2008"]
[Source "ChessBase"]
[SourceDate "2007.11.25"]
[SourceVersion "1"]
[SourceVersionDate "2007.11.25"]
[SourceQuality "1"]

1. d4 Nf6 2. c4 g6 3. Nc3 d5 4. Nf3 Bg7 5. Bg5 Ne4 6. Bh4 Nxc3 7. bxc3 c5 8. cxd5 cxd4 9. cxd4 Qxd5 10. e3 Nc6 11. Be2 Qa5+ 12. Qd2 Qxd2+ 13. Kxd2 e6 14. Rab1 a6 15. Rhc1 0-0 16. Rb6 Re8 17. Bd1 Ne7 18. Bxe7 Rxe7 19. Ne5 Bxe5 20. dxe5 Rd7+ 21. Ke1 Kf8 22. Bf3 Ke7 23. Rcb1 Ra7 24. Be4 Kd8 25. a4 Ke7 26. Rc1 Ra8 27. a5 Kd8 28. Rc3 Ke7 29. f4 h5 30. g3 Kd8 31. h3 Rc7 32. Kd2 Rxc3 33. Kxc3 Kc7 34. Kb4 Rb8 35. Kc5 Bd7 36. g4 hxg4 37. hxg4 Bc8 38. Bf3 Bd7 39. Be4 Be8 40. Rd6 Bd7 41. Rb6 Be8 42. Rb2 Bb5 43. Rh2 Rd8 44. Rh7 Rf8 45. Bxg6 Be8 46. g5 Kc8 47. Be4 Bd7 48. Kb6 1-0

[Event "Goch op 15th"]
[Site "Goch"]
[Date "2004.10.02"]
[Round "4"]
[White "Faust, Gottfried"]
[Black "Liesenfeld, Holger"]
[Result "1-0"]
[WhiteElo "1963"]
[BlackElo "1594"]
[PlyCount "75"]
[EventDate "2004.09.30"]
[EventType "swiss"]
[EventRounds "7"]
[EventCountry "GER"]
[SourceTitle "EXT 2006"]
[Source "ChessBase"]
[SourceDate "2005.11.24"]
[SourceVersion "1"]
[SourceVersionDate "2005.11.24"]
[SourceQuality "1"]

1. f4 d6 2. e4 g6 3. Nf3 Bg7 4. d3 Bg4 5. Be2 Nd7 6. c3 e5 7. Be3 Bxf3 8. Bxf3 Bh6 9. Qd2 exf4 10. Bxf4 Qh4+ 11. g3 Bxf4 12. Qxf4 Qf6 13. 0-0 Qxf4 14. gxf4 0-0-0 15. Bg4 Nh6 16. Bh3 f5 17. b4 Rde8 18. Nd2 Nf6 19. Rae1 Nhg4 20. Re2 Kd8 21. c4 d5 22. e5 dxc4 23. dxc4 Re6 24. Nf3 Nh5 25. Ng5 Re7 26. Bxg4 fxg4 27. f5 gxf5 28. Rxf5 Ng7 29. Rf4 Rhe8 30. Rxg4 Nf5 31. Rf4 Nd6 32. Rd2 Rg8 33. Rg4 Rxe5 34. Nf7+ Ke7 35. Nxe5 Rxg4+ 36. Nxg4 Nxc4 37. Rd4 b5 38. Rd5 1-0